00480nam a2200157Ia 4500100001700000650002700017942000700044654002200051245005000073260003400123082001000157300000800167546001200175999001700187952011800204 aMolchanov/A  aElectrical Engineering cBK aRadio Engineering aElectrical & Radio Engineering For Physicists bMir PublishersaMoscowc1973 a621.3 a476 aENGLISH c23845d23845 001040708AFTaCRCEbCRCEd2023-03-17g10.00iP.P.H.5602l0o621.3 pAFT1332r2023-03-17v10.00w2023-03-17yBK